000 00426nam a2200169Ia 4500
005 20241223150809.0
008 231217s9999 xx 000 0 und d
020 _a9788131703083
082 _a001.6424C DEI1;7 R
100 _aDeitel, H M. Deitel, P J.
245 0 _aC : How to program
250 _a4th ed.
260 _c2004
_bPearson Education
_aNew Delhi
300 _a1297
650 _aC,:,program
942 _cAA
999 _c179435
_d179435